000 00449cam a2200181ua 4500
020 _c87 paise
041 _amal
_h
082 _a894.812301
_bRAG/ST
100 _aRaghavan, Kuruvangad .
245 _aSthree hrudayam /
_cKuruvangad Raghavan.
_hTextual Documents
250 _a1 /
_b.
260 _aCalicut :
_bP K Brothers ,
_c1959.
300 _a74 ; .
365 _a87 paise
504 _a
942 _cBK
999 _c12615
_d12615